[Event "GER-ch U12"]
[Site "Willingen"]
[Date "2019.06.15"]
[Round "9"]
[White "Kageler, Anton Paul"]
[Black "Gressler, Christian"]
[Result "1-0"]
[WhiteElo "1563"]
[BlackElo "1416"]
[PlyCount "71"]
[EventDate "2019.06.08"]
[EventType "swiss"]
[EventRounds "9"]
[EventCountry "GER"]
[SourceTitle "EXT 2020"]
[Source "ChessBase"]
[SourceDate "2019.10.17"]
[SourceVersion "1"]
[SourceVersionDate "2019.10.17"]
[SourceQuality "1"]

1. e4 e6 2. d4 d5 3. Bd3 Nf6 4. e5 Nfd7 5. Nf3 c5 6. c3 Nc6 7. 0-0 Be7 8. Re1 Qb6 9. Bc2 f6 10. exf6 Nxf6 11. Ng5 Nd8 12. Bf4 0-0 13. Qd2 h6 14. Nf3 Nf7 15. a3 a5 16. a4 Kh8 17. Bg6 Bd6 18. Bxd6 Nxd6 19. Ne5 Nfe4 20. Bxe4 Nxe4 21. Rxe4 dxe4 22. Ng6+ Kg8 23. Nxf8 Kxf8 24. dxc5 Qxc5 25. Qe2 Qb6 26. Na3 e3 27. fxe3 Bd7 28. Nc4 Qc5 29. Qd3 Ke7 30. Qd4 Rc8 31. Qxg7+ Kd8 32. b3 b5 33. axb5 Bxb5 34. Rxa5 Qf5 35. Qd4+ Ke7 36. Ra7+ 1-0

[Event "GER-ch U12"]
[Site "Willingen"]
[Date "2019.06.10"]
[Round "3"]
[White "Bock, Marlon"]
[Black "Gressler, Christian"]
[Result "1/2-1/2"]
[WhiteElo "1596"]
[BlackElo "1416"]
[PlyCount "46"]
[EventDate "2019.06.08"]
[EventType "swiss"]
[EventRounds "9"]
[EventCountry "GER"]
[SourceTitle "CBM 191 Extra"]
[Source "ChessBase"]
[SourceDate "2019.09.30"]
[SourceVersion "1"]
[SourceVersionDate "2019.09.30"]
[SourceQuality "1"]

1. d4 e6 2. Nf3 d5 3. e3 Nf6 4. Bd3 c5 5. b3 Nc6 6. Bb2 Bd6 7. Nbd2 b6 8. 0-0 0-0 9. a3 Bb7 10. Ne5 cxd4 11. exd4 Qc7 12. Re1 Nd7 13. Ndf3 Rfe8 14. Rc1 f6 15. Nxc6 Bxc6 16. c4 Qb7 17. cxd5 Bxd5 18. Bc4 Kf7 19. Qd3 Nf8 20. h3 a6 21. Bxd5 Qxd5 22. Qc4 Qxc4 23. bxc4 Rac8 1/2-1/2

[Event "GER-ch U12"]
[Site "Willingen"]
[Date "2018.05.26"]
[Round "11"]
[White "Gressler, Christian"]
[Black "Gerdes, Jannes"]
[Result "1/2-1/2"]
[WhiteElo "1336"]
[BlackElo "1492"]
[PlyCount "97"]
[EventDate "2018.05.19"]
[EventType "swiss"]
[EventRounds "11"]
[EventCountry "GER"]
[SourceTitle "CBM 184 Extra"]
[Source "ChessBase"]
[SourceDate "2018.06.28"]
[SourceVersion "1"]
[SourceVersionDate "2018.06.28"]
[SourceQuality "1"]

1. d4 Nf6 2. Nf3 e6 3. Bf4 c5 4. e3 Nc6 5. c3 d5 6. Nbd2 Bd6 7. Bg3 b6 8. Bd3 Bb7 9. Bxd6 Qxd6 10. 0-0 0-0 11. Qc2 e5 12. dxe5 Nxe5 13. Nxe5 Qxe5 14. Nf3 Qc7 15. Rfe1 Rfe8 16. Rad1 Rad8 17. h3 h6 18. Nh2 Qc6 19. f3 Re7 20. Qe2 Qc8 21. Ng4 Nxg4 22. hxg4 a6 23. Qf2 Rde8 24. Re2 Qc7 25. Rde1 Qd8 26. Qh4 Qd6 27. g5 Rc7 28. gxh6 Qxh6 29. Qxh6 gxh6 30. e4 c4 31. Bc2 Rce7 32. Kf2 dxe4 33. Bxe4 Bxe4 34. Rxe4 Kf8 35. Rxe7 Rxe7 36. Rxe7 Kxe7 37. Ke3 Kd6 38. Kd4 b5 39. b3 cxb3 40. axb3 a5 41. Kd3 h5 42. c4 b4 43. Kd4 f6 44. g3 Kc6 45. f4 f5 46. Ke3 Kc5 47. Kd3 Kd6 48. Kd4 Kc6 49. Ke3 1/2-1/2

[Event "GER-ch U12"]
[Site "Willingen"]
[Date "2018.05.20"]
[Round "1"]
[White "Gressler, Christian"]
[Black "Klugstedt, Vincent C"]
[Result "1-0"]
[WhiteElo "1336"]
[BlackElo "1689"]
[PlyCount "117"]
[EventDate "2018.05.19"]
[EventType "swiss"]
[EventRounds "11"]
[EventCountry "GER"]
[SourceTitle "CBM 184 Extra"]
[Source "ChessBase"]
[SourceDate "2018.06.28"]
[SourceVersion "1"]
[SourceVersionDate "2018.06.28"]
[SourceQuality "1"]

1. e4 c5 2. Nf3 Nc6 3. Bb5 g6 4. Bxc6 dxc6 5. d3 Bg7 6. 0-0 e5 7. h3 Qe7 8. Be3 Nf6 9. Qd2 h6 10. Nc3 b6 11. Ne2 Nd7 12. Ng3 Nf8 13. Rad1 Ne6 14. c3 Ba6 15. Rfe1 Rd8 16. Qc2 0-0 17. Re2 Rd6 18. Red2 f5 19. exf5 gxf5 20. d4 f4 21. Nf5 Rxf5 22. Qxf5 fxe3 23. fxe3 exd4 24. Qe4 d3 25. c4 b5 26. b3 bxc4 27. bxc4 Qf6 28. Rxd3 Rxd3 29. Rxd3 Nc7 30. Kh2 Bc8 31. Qf4 Qxf4+ 32. exf4 Bf8 33. Ne5 Bf5 34. Rg3+ Kh7 35. Nxc6 a6 36. Re3 Kg7 37. Ne7 Kf6 38. Nxf5 Kxf5 39. g3 Bd6 40. Kg2 Ne6 41. g4+ Kf6 42. f5 Nf4+ 43. Kf3 Be5 44. h4 Nh3 45. Ra3 Kf7 46. Ke4 Nf2+ 47. Kxe5 Nxg4+ 48. Kf4 h5 49. Rxa6 Nf2 50. Kg5 Nd3 51. Ra7+ Kf8 52. Kxh5 Nb2 53. Kg6 Nxc4 54. f6 Ne5+ 55. Kf5 Nf3 56. Ke6 Nd4+ 57. Kd5 Nf5 58. h5 c4 59. Kxc4 1-0

[Event "Mecklenburg VP-ch U12"]
[Site "Malchow"]
[Date "2018.02.07"]
[Round "6.1"]
[White "Gressler, Christian"]
[Black "Tovmasyan, Minas"]
[Result "1/2-1/2"]
[WhiteElo "1290"]
[BlackElo "1480"]
[PlyCount "152"]
[EventDate "2018.02.07"]
[EventType "swiss"]
[EventRounds "7"]
[EventCountry "GER"]
[SourceTitle "EXT 2022"]
[Source "ChessBase"]
[SourceDate "2021.10.06"]
[SourceVersion "1"]
[SourceVersionDate "2021.10.06"]
[SourceQuality "1"]

1. e4 c5 2. Nf3 e6 3. d4 cxd4 4. Nxd4 a6 5. Nc3 Qc7 6. Bd2 Bc5 7. Nf3 Nc6 8. Bd3 Be7 9. Qe2 b5 10. a3 Bb7 11. 0-0 d6 12. Rfe1 Nf6 13. h3 0-0 14. Bg5 h6 15. Bh4 Rac8 16. Rad1 Rfd8 17. Nh2 Na5 18. Ng4 Nxg4 19. Qxg4 Bxh4 20. Qxh4 Nc4 21. Bxc4 bxc4 22. Re3 Qc5 23. Re2 Qb6 24. Rb1 Rd7 25. Rd2 Rcd8 26. Qh5 Qc5 27. Qxc5 dxc5 28. Rxd7 Rxd7 29. Na4 Bxe4 30. Nxc5 Bxc2 31. Rc1 Rd2 32. Nxa6 Bb3 33. Rb1 Rd6 34. Nc5 Kf8 35. Nxb3 cxb3 36. Ra1 Rd2 37. Rb1 Ke7 38. Kf1 Kd6 39. Ke1 Rc2 40. g3 Ke5 41. a4 Kd5 42. Rd1+ Kc5 43. Rd2 Rxd2 44. Kxd2 Kb4 45. a5 Kxa5 46. Kc3 Ka4 47. f3 f6 48. Kc4 g6 49. f4 g5 50. Kc5 gxf4 51. gxf4 e5 52. fxe5 fxe5 53. Kd5 Kb4 54. Kxe5 Kc4 55. Ke4 h5 56. h4 Kc5 57. Kd3 Kb4 58. Kd4 Kb5 59. Kc3 Ka4 60. Kc4 Ka5 61. Kxb3 Kb5 62. Kc3 Ka5 63. Kc4 Kb6 64. b3 Kc7 65. Kc5 Kb7 66. b4 Kc7 67. b5 Kb7 68. b6 Kb8 69. Kd5 Kb7 70. Ke5 Kxb6 71. Kf5 Kc7 72. Kg5 Kd7 73. Kxh5 Ke7 74. Kg6 Kf8 75. Kh7 Kf7 76. h5 Kf8 1/2-1/2

[Event "GER-ch U10"]
[Site "Willingen"]
[Date "2017.06.05"]
[Round "4"]
[White "Bungarten, Jona"]
[Black "Gressler, Christian"]
[Result "0-1"]
[WhiteElo "1548"]
[BlackElo "1198"]
[PlyCount "96"]
[EventDate "2017.06.04"]
[EventType "swiss"]
[EventRounds "11"]
[EventCountry "GER"]
[SourceTitle "CBM 178 Extra"]
[Source "ChessBase"]
[SourceDate "2017.06.22"]
[SourceVersion "1"]
[SourceVersionDate "2017.06.22"]
[SourceQuality "1"]

1. e4 e5 2. Nf3 Nc6 3. Bc4 Bc5 4. b4 Bxb4 5. c3 Be7 6. d4 Na5 7. Nxe5 Nxc4 8. Nxc4 d5 9. exd5 Qxd5 10. Ne3 Qa5 11. Qf3 Nf6 12. 0-0 0-0 13. Nc4 Qd5 14. Qxd5 Nxd5 15. Ne3 Be6 16. Re1 Rad8 17. Nxd5 Rxd5 18. Be3 Rh5 19. Nd2 Bd6 20. h3 f5 21. Nf3 Bd5 22. Nh2 Rf6 23. f4 Rg6 24. g4 fxg4 25. hxg4 Rh3 26. Re2 Rgh6 27. Rae1 Rg3+ 28. Kf1 Bc4 29. f5 Rxh2 30. a4 Bxe2+ 31. Rxe2 Rxe2 32. Kxe2 Rxg4 33. Kf3 Rg3+ 34. Ke2 h5 35. c4 h4 36. Bf2 Rg4 37. Kf3 Rf4+ 38. Ke3 h3 39. Bg1 Rxf5 40. Ke4 Rh5 41. c5 h2 42. Bxh2 Bxh2 43. d5 Rh4+ 44. Kf3 Rxa4 45. d6 cxd6 46. cxd6 Bxd6 47. Ke3 b5 48. Kd3 g5 0-1

[Event "Mecklenburg VP U10"]
[Site "Malchow"]
[Date "2016.02.02"]
[Round "3.5"]
[White "Tovmasyan, Minas"]
[Black "Gressler, Christian"]
[Result "1/2-1/2"]
[WhiteElo "912"]
[BlackElo "800"]
[PlyCount "93"]
[EventDate "2016.02.02"]
[EventType "swiss"]
[EventRounds "7"]
[EventCountry "GER"]
[SourceTitle "EXT 2024"]
[Source "ChessBase"]
[SourceDate "2023.10.10"]
[SourceVersion "1"]
[SourceVersionDate "2023.10.10"]
[SourceQuality "1"]

1. d4 d5 2. c4 e6 3. Nc3 Nf6 4. Bf4 Bb4 5. Qc2 Ne4 6. a3 Bxc3+ 7. bxc3 0-0 8. cxd5 exd5 9. e3 Nc6 10. Bd3 Re8 11. f3 Bf5 12. Ne2 Qf6 13. Qb3 Rad8 14. Bxc7 Rd7 15. Bf4 Na5 16. Qa4 Rdd8 17. Qxa5 a6 18. Bc7 Rc8 19. Qb6 Qxb6 20. Bxb6 Nxc3 21. Bxf5 Rc4 22. Rc1 Rxe3 23. Rxc3 Rcxc3 24. Kf2 Rxa3 25. Rc1 g6 26. Ra1 gxf5 27. Rxa3 Rxa3 28. Nf4 Ra2+ 29. Kg3 Rb2 30. Nxd5 Rb5 31. Bc5 a5 32. Ne7+ Kg7 33. Nxf5+ Kf6 34. Nd6 Rb1 35. Kf4 b6 36. Ne4+ Ke6 37. Ng5+ Kd5 38. Bf8 Kxd4 39. Nxh7 a4 40. h4 b5 41. h5 b4 42. h6 a3 43. Ng5 a2 44. Nxf7 a1Q 45. Bg7+ Kd5 46. Bxa1 Rxa1 47. h7 1/2-1/2